000 00770nam a2200253Ia 4500
003 OSt
005 20220930204336.0
006 a|||||r|||| 00| 0
007 ta
008 220926b |||||||| |||| 00| 0 hin d
024 _a118122
037 _cDissertations
040 _aCRL
_cCRL
_bhin
041 _2hin
_ahin
100 _aYadav Ranjeet
_9566921
110 _aUniversity of Delhi. Faculty of Arts. Department of Hindi
245 0 _aPadmakar ki varnan shaile (Sandarbha
_b Jagdwinod)
260 _c2010
650 _aHINDI LITERATURE
_923866
700 _a Dr. Vinod Tiwari Gu.
_9566922
700 _aUniversity of Delhi. Faculty of Arts. Department of Hindi
942 _cDIS
_2CC
999 _c905919
_d905919